000 01333nam a22002897a 4500
999 _c117407
_d117407
003 dpl
005 20190624175815.0
008 190624b ||||| |||| 00| 0 eng d
010 _aB-237668, B-237682
020 _c125.00
_a8189424025
035 _aB-237668
037 _bCen Lib/Ret
040 _aDPL
_bHN
_cdpl
082 _a
_bचट्टोपा
100 _aचट्टोपाध्याय, शरतचंद्र
_947008
245 _aशेष परिचय /
_cशरतचंद्र चट्टोपाध्याय ;संपादक ओमप्रकाश शर्मा
246 _aShesh parichya
_bby Sharatchandra Chattopadhyaya ;sampadak Omprakash Sharma
260 _aदिल्ली
_bवंदना बुक एजेंसी
_c2005
270 _aग्राउंड फ्लोर 109, बी ब्लाक प्रीत विहार
_bदिल्ली
_e110092
300 _a290पृष्ठ.
_c20सेमी(सजिल्द)
650 _aहिंदी साहित्य
_971775
650 _aहिंदी उपन्यास
_971776
650 _aHindi literature
_971777
650 _aHindi novel
_971778
700 _aशर्मा, ओमप्रकाश
_971779
942 _2ddc
_cHN
_h
_mचट्टोपा